Ligue 1 2007-2008: Les Leaders par journée - Statistiques

Statistiques générales
  • Ce quiz a été pris 60 fois
  • Le résultat moyen est 3 sur 5
Statistiques - réponses
Réponse % Correct
Olympique Lyonnais
98%
AS Nancy-Lorraine
44%
FC Lorient
44%
Valenciennes FC
33%
Le Mans UC 72
32%
Aucun quiz correspondant
Distribution des résultats
% des personnes avec chaque résultat
Percentile par nombre de réponses
Votre historique - résultats
Vous n’avez pas pris ce quiz